Postgrau en escenificació i tecnologia digital : 2019-2020 2019-2020
Descripción Física:
1 fulletó plegat en vuit parts ; il·lustracions color ; 15 x 21 cm
Idioma:
Catalán
MARC
| LEADER | 00000nam a22000007a 4500 | ||
|---|---|---|---|
| 001 | 27958 | ||
| 003 | Arxiu | ||
| 005 | 20260324181517.0 | ||
| 008 | 230530b spa||||| |||| 00| 0 cat d | ||
| 017 | |a B 5557-2019 | ||
| 040 | |a agdb |b cat | ||
| 041 | |a cat | ||
| 240 | |a Postgrau en escenificació i tecnologia digital |l [català ; |s 2019-2020] | ||
| 245 | |a Postgrau en escenificació i tecnologia digital : |b 2019-2020 | ||
| 260 | |a Barcelona : |b Institut del Teatre ; |c 2019 | ||
| 300 | |a 1 fulletó plegat en vuit parts ; |b il·lustracions color ; |c 15 x 21 cm | ||
| 546 | |a També en castellà (R.27956) i anglès (R. 27957) | ||
| 610 | 2 | 0 | |9 53086 |a Institut del Teatre (Barcelona, Catalunya) |x Currículums |
| 650 | 0 | |2 Arxiu |9 30511 |a Teatre |x Ensenyament | |
| 710 | 1 | |9 52662 |a Institut del Teatre (Barcelona, Catalunya) | |
| 942 | |2 udc |c ARXIU |n 1 | ||
| 952 | |0 0 |1 0 |2 udc |4 0 |6 FU75152 |7 1 |9 66432 |a Arxiu |b Arxiu |d 2023-05-30 |l 0 |o FU-75-152 |p 27958 |r 2023-05-30 00:00:00 |w 2023-05-30 |y ARXIU | ||
| 999 | |c 83773 |d 83773 | ||